| 000 | 00963nam a2200241 i 4500 | ||
|---|---|---|---|
| 001 | 18728 | ||
| 003 | ES-MaACL | ||
| 005 | 20230906151917.0 | ||
| 007 | t| | ||
| 008 | 020219s2001 sp ||||0| spa j | ||
| 020 | _a84-95240-32-7 | ||
| 040 |
_aM-BN _bspa _cM-BN |
||
| 080 | _a347.7(460)"19"(094.9) | ||
| 100 | 1 |
_aLópez Angel, Eduardo. _973404 |
|
| 245 | 1 | 0 |
_aDoctrina mercantil de la Dirección General de los Registros y del Notariado _b: (1995-1999) / _cEduardo López Angel. |
| 260 |
_a[Zaragoza] : _bCentro de Estudios Registrales, _c[2001] |
||
| 300 |
_a2 v ; _c24 cm. |
||
| 500 | _aEn la port.: Colegio de Registradores de la Propiedad y Mercantiles de España. | ||
| 650 | 1 | 4 |
_aDerecho mercantil- _zEspaña- _vJurisprudencia. _911736 |
| 710 | 1 |
_aEspaña. _bDirección General de los Registros y del Notariado. _93751 |
|
| 710 | 2 |
_aColegio de Registradores de la Propiedad y Mercantiles de España. _92938 |
|
| 852 |
_aES-MaACL _jL-25304-5 _bR.130206 |
||
| 999 |
_c18728 _d18728 |
||